000 00666nam a22002297a 4500
003 UA-OsUOA
001 45231
007 ta
008 20110928b un ||||| |||| 00| 0 ukr d
090 _a82...А/Я
_bС48
942 _cBK
040 _aUA-OsUOA
_bukr
_cUA-OsUOA
_dUA-OsUOA
245 _aСлово
_bзбірник
_c13
300 _a275 с.
955 _a3
041 _aukr
080 _a82...А/Я
260 _aЕдмонтон
_bСлово
_c1966
650 7 _a82 Література. Літературознавство
_2UDC
999 _c425344
_d425344